LEADER 00734nam a2200193 i 4500 001 000000224176 003 CaOOAMICUS 005 20131025000000.0 008 131025s1754 it u000 u fre u 013 $a203074 026 $aI.du *.*- t.r- lo(1 (3) 1754 (R) 040 $aSeMil$bita 245 10$aTome 8. 300 $a[4], 364 p. 500 $aSegn. : pigreco2 A6 B-P12 Q8. 773 0 $aMontaigne, Michel : de <1533-1592>$tEssais de Montaigne, avec les notes de m. Coste ... Tome 1. [-10 .].$bNouvelle edition.$dA Londres : Chez Jean Nourse & Vaillant, 1754.$g8$w()28975 850 $aSeMil 852 $aSeMil$W1$xVenegono$y1$m2R I 212 FA$j174522$B174522$CSeMilBibl$Z2$F184595 $8I 996 $6245$aTome 8$9(OLS)http://semarc/title/1775 LEADER 01126nam a2200265 4500 001 000000366558 003 CaOOAMICUS 005 20260220123459.0 008 260220s2023 it 000 u ita r 020 $a978-88-514-2640-8 040 $aSeMil$bita 100 1 $aBissi, Anna.$0(OLS)http://semarc/name/43360 245 10$aVolti di donne :$bfigure femminili nella Bibbia tra esegesi e psicologia /$cAnna Bissi, Elisa Cagnazzo. 264 1$aMilano :$bÀncora,$c2023. 300 $a165 p. ;$c21 cm 490 1 $aIn cammino 650 4$aBibbia - Personaggi femminili.$0(OLS)http://semarc/subject/7423 700 1 $aCagnazzo, Elisa.$0(OLS)http://semarc/name/123805 830 0$aIn cammino.$0(OLS)http://semarc/title/9144 850 $aSeMil 852 $aSeMil$W1$xVenegono$y1$m2V III 94$j267437$B257315$CSeMilBibl$Z2$F257315 $81 996 $6020$a978-88-514-2640-8$9(OLS)http://semarc/number/305373 996 $6245$aVolti di donne :$bfigure femminili nella Bibbia tra esegesi e psicologia$9(OLS)http://semarc/title/458305 996 $6264$aMilano :$bÀncora$9(OLS)http://semarc/publisher/29763